| 000 | 01046cam a2200313 a 4500 | ||
|---|---|---|---|
| 999 |
_c233757 _d233757 |
||
| 001 | 12982588 | ||
| 003 | Nust | ||
| 005 | 20170311122327.0 | ||
| 008 | 011115s2002 enk 000 1 eng | ||
| 010 | _a 2002491728 | ||
| 020 | _a9780571210558 | ||
| 035 | _a(UkLWHE)b000142001 | ||
| 040 |
_aDLC _cDLC _dDLC |
||
| 043 | _ae-uk-en | ||
| 050 | 0 | 0 |
_aPR6113.E77 _bG38 2002 |
| 082 | 0 | 0 |
_a823.92 _bMER |
| 100 | 1 |
_aMerritt, Stephanie, _d1974- |
|
| 245 | 1 | 0 |
_aGaveston / _cStephanie Merritt. |
| 260 |
_aLondon : _bFaber and Faber, _c2002. |
||
| 300 |
_a386 p. ; _c22 cm. |
||
| 650 | 0 |
_aWomen historians _vFiction. |
|
| 650 | 0 |
_aMedia consultants _vFiction. |
|
| 650 | 0 |
_aCollege teachers _vFiction. |
|
| 650 | 0 |
_aMass media _vFiction. |
|
| 651 | 0 |
_aLondon (England) _vFiction. |
|
| 655 | 7 |
_aLove stories. _2gsafd |
|
| 906 |
_a7 _bcbc _corigres _d3 _encip _f20 _gy-gencatlg |
||
| 942 |
_2ddc _cBK |
||